[Event "Olavarria Magistral op 5th"]
[Site "Olavarria"]
[Date "2005.02.25"]
[Round "2"]
[White "Ramirez, Emilio"]
[Black "Gamarra Caceres, Carlos"]
[Result "1-0"]
[WhiteElo "2293"]
[BlackElo "2249"]
[PlyCount "81"]
[EventDate "2005.02.24"]
[EventType "swiss"]
[EventRounds "7"]
[EventCountry "ARG"]
[SourceTitle "CBM 105 Extra"]
[Source "ChessBase"]
[SourceDate "2005.05.01"]
[SourceVersion "1"]
[SourceVersionDate "2005.05.01"]
[SourceQuality "1"]

1. e4 c5 2. Nf3 Nc6 3. Bb5 e6 4. 0-0 Nge7 5. Re1 a6 6. Bf1 d5 7. Nc3 d4 8. Ne2 e5 9. d3 f6 10. Ng3 h5 11. Nh4 g5 12. Nhf5 h4 13. Nxe7 Nxe7 14. Nf5 Nxf5 15. exf5 Bxf5 16. Bxg5 Be7 17. Bd2 Qd7 18. Be2 0-0-0 19. Bf3 Rdg8 20. Kh1 Bd6 21. b4 Be6 22. bxc5 Bxc5 23. Rb1 Bd5 24. Bxd5 Qxd5 25. Qf3 Qxf3 26. gxf3 Rg7 27. Rg1 Rc7 28. Ba5 Rc6 29. Rg7 b6 30. Be1 h3 31. Kg1 Bd6 32. Rb3 Bc7 33. Rb2 f5 34. Bd2 f4 35. Kf1 Rhh6 36. Rg4 Kd7 37. Ke2 Ke6 38. Bb4 Kd5 39. Bf8 Rh8 40. Be7 Rch6 41. Rb1 1-0

[Event "Asuncion 1st"]
[Site "Asuncion"]
[Date "2002.04.19"]
[Round "11"]
[White "Gamarra Caceres, Carlos"]
[Black "Sosa Harrison, Jorge"]
[Result "0-1"]
[WhiteElo "2278"]
[BlackElo "2285"]
[PlyCount "46"]
[EventDate "2002.04.08"]
[EventType "tourn"]
[EventRounds "11"]
[EventCountry "PAR"]
[EventCategory "4"]
[SourceTitle "CBM 087 Extra"]
[Source "ChessBase"]
[SourceDate "2002.05.03"]
[SourceVersion "2"]
[SourceVersionDate "2002.08.09"]
[SourceQuality "1"]

1. d4 d5 2. c4 c6 3. Nc3 Nf6 4. cxd5 cxd5 5. Bf4 Nc6 6. Nf3 Bf5 7. Qb3 Na5 8. Qb5+ Bd7 9. Qd3 Rc8 10. Ne5 e6 11. Nxd7 Qxd7 12. f3 a6 13. Rc1 Bd6 14. Bxd6 Qxd6 15. e4 dxe4 16. fxe4 Qb4 17. Qd2 Nxe4 18. a3 Nxd2 19. axb4 Nxf1 20. Rxf1 Nc6 21. d5 Nxb4 22. Ke2 exd5 23. Nxd5 Nc6 0-1

[Event "Asuncion 1st"]
[Site "Asuncion"]
[Date "2002.04.15"]
[Round "7"]
[White "Gamarra Caceres, Carlos"]
[Black "Dumont, Sadi Glasser"]
[Result "0-1"]
[WhiteElo "2278"]
[BlackElo "2367"]
[PlyCount "112"]
[EventDate "2002.04.08"]
[EventType "tourn"]
[EventRounds "11"]
[EventCountry "PAR"]
[EventCategory "4"]
[SourceTitle "CBM 087 Extra"]
[Source "ChessBase"]
[SourceDate "2002.05.03"]
[SourceVersion "2"]
[SourceVersionDate "2002.08.09"]
[SourceQuality "1"]

1. d4 Nf6 2. c4 c5 3. d5 b5 4. cxb5 a6 5. b6 g6 6. Nc3 d6 7. a4 Qxb6 8. a5 Qa7 9. e4 Bg7 10. Bc4 0-0 11. Nge2 Nbd7 12. f4 Rb8 13. Qd3 Ne8 14. 0-0 Nc7 15. Rf2 Rb4 16. Ra2 Nb5 17. b3 Nd4 18. Nxd4 cxd4 19. Na4 Rxa4 20. bxa4 Nc5 21. Qb1 f5 22. e5 Ne4 23. Qb6 Qxb6 24. axb6 Nxf2 25. Kxf2 Bb7 26. Ke2 Rc8 27. Kd3 dxe5 28. fxe5 Bxe5 29. Ba3 e6 30. Re2 exd5 31. Bxd5+ Bxd5 32. Rxe5 Bxg2 33. Bd6 Rc3+ 34. Kxd4 Rb3 35. a5 f4 36. Re8+ Kf7 37. Rf8+ Kg7 38. Rxf4 Rb5 39. Bf8+ Kg8 40. Bh6 Rd5+ 41. Ke3 Rf5 42. Rd4 Rxa5 43. Rd7 Rh5 44. Kf2 Bc6 45. Rg7+ Kh8 46. Rc7 Rxh6 47. Rxc6 Rxh2+ 48. Ke3 Rb2 49. Kd4 Rb5 50. Rc8+ Kg7 51. Rc7+ Kf6 52. b7 g5 53. Ke4 Kg6 54. Kf3 h6 55. Kg3 a5 56. Kf3 a4 0-1

[Event "Asuncion 1st"]
[Site "Asuncion"]
[Date "2002.04.10"]
[Round "3"]
[White "Cubas, Jose Fernando"]
[Black "Gamarra Caceres, Carlos"]
[Result "0-1"]
[WhiteElo "2369"]
[BlackElo "2278"]
[PlyCount "41"]
[EventDate "2002.04.08"]
[EventType "tourn"]
[EventRounds "11"]
[EventCountry "PAR"]
[EventCategory "4"]
[SourceTitle "CBM 087 Extra"]
[Source "ChessBase"]
[SourceDate "2002.05.03"]
[SourceVersion "2"]
[SourceVersionDate "2002.08.09"]
[SourceQuality "1"]

1. e4 d5 2. exd5 Nf6 3. d4 Bg4 4. Be2 Bxe2 5. Qxe2 Qxd5 6. Nf3 e6 7. 0-0 Nc6 8. c4 Nxd4 9. Nxd4 Qxd4 10. Rd1 Qg4 11. f3 Bc5+ 12. Kh1 Qh4 13. g3 Qh3 14. Bf4 Rc8 15. Nc3 0-0 16. g4 c6 17. Na4 Be7 18. Rg1 b5 19. Rg3 Qh4 20. Qg2 Nh5 21. gxh5 0-1

[Event "Asuncion Mayor op"]
[Site "Asuncion"]
[Date "2001.??.??"]
[Round "7"]
[White "Gamarra Caceres, Carlos"]
[Black "Kropff, Ricardo"]
[Result "0-1"]
[WhiteElo "2296"]
[BlackElo "2311"]
[PlyCount "48"]
[EventDate "2001.07.??"]
[EventType "swiss"]
[EventRounds "11"]
[EventCountry "PAR"]
[SourceTitle "EXT 2003"]
[Source "ChessBase"]
[SourceDate "2002.11.25"]
[SourceVersion "1"]
[SourceVersionDate "2002.11.25"]
[SourceQuality "1"]

1. d4 Nf6 2. Bg5 d5 3. Bxf6 exf6 4. g3 Bd6 5. Bg2 0-0 6. Nf3 Nd7 7. 0-0 f5 8. Nfd2 c6 9. c4 dxc4 10. Nxc4 Bc7 11. Nc3 Nf6 12. e3 Be6 13. Qe2 Qe7 14. a3 Rad8 15. Rfd1 Rfe8 16. Rac1 h5 17. h4 Bxc4 18. Qxc4 Bxg3 19. Qd3 Bxf2+ 20. Kxf2 Ng4+ 21. Ke2 Qxh4 22. Kd2 Nxe3 23. Rh1 Qf2+ 24. Ne2 Nxg2 0-1

[Event "Asuncion Mayor op"]
[Site "Asuncion"]
[Date "2001.??.??"]
[Round "9"]
[White "Gamarra Caceres, Carlos"]
[Black "Lipiniks, Leonardo"]
[Result "1/2-1/2"]
[WhiteElo "2296"]
[BlackElo "2155"]
[PlyCount "102"]
[EventDate "2001.07.??"]
[EventType "swiss"]
[EventRounds "11"]
[EventCountry "PAR"]
[SourceTitle "EXT 2003"]
[Source "ChessBase"]
[SourceDate "2002.11.25"]
[SourceVersion "1"]
[SourceVersionDate "2002.11.25"]
[SourceQuality "1"]

1. d4 d5 2. c4 c6 3. Nc3 Nf6 4. e3 Bf5 5. Qb3 Qb6 6. c5 Qxb3 7. axb3 e5 8. Nf3 exd4 9. exd4 Be7 10. Bf4 Nbd7 11. h3 0-0 12. Be2 Rfe8 13. 0-0 Ne4 14. Nxe4 Bxe4 15. Rfe1 Bf6 16. Be3 a6 17. Nd2 Bg6 18. b4 Re7 19. Bg4 Nf8 20. Nb3 Rae8 21. Bd2 Bc2 22. Na5 Bxd4 23. Nxb7 Rxe1+ 24. Rxe1 Rxe1+ 25. Bxe1 Bd3 26. Nd8 Bb5 27. Bc3 Bxc3 28. bxc3 Ng6 29. Bd7 Ne5 30. Bc8 Kf8 31. f4 Ke7 32. fxe5 Kxd8 33. Bf5 g6 34. Bg4 h5 35. Bf3 Ke7 36. Kf2 Ke6 37. Ke3 Kxe5 38. h4 f6 39. g3 Bf1 40. Bd1 Bh3 41. Be2 Bc8 42. Bd3 g5 43. Bg6 gxh4 44. gxh4 Bg4 45. Be8 f5 46. Bxc6 f4+ 47. Kd2 d4 48. Bb7 dxc3+ 49. Kxc3 Be2 50. Kd2 Bb5 51. Bf3 Be8 1/2-1/2

[Event "Asuncion Mayor op"]
[Site "Asuncion"]
[Date "2001.??.??"]
[Round "1"]
[White "Gamarra Caceres, Carlos"]
[Black "Recalde, Ariel"]
[Result "1-0"]
[WhiteElo "2296"]
[BlackElo "2043"]
[PlyCount "77"]
[EventDate "2001.07.??"]
[EventType "swiss"]
[EventRounds "11"]
[EventCountry "PAR"]
[SourceTitle "EXT 2003"]
[Source "ChessBase"]
[SourceDate "2002.11.25"]
[SourceVersion "1"]
[SourceVersionDate "2002.11.25"]
[SourceQuality "1"]

1. d4 d5 2. c4 dxc4 3. e4 Nc6 4. Be3 Nf6 5. Nc3 e5 6. d5 Na5 7. Nf3 Bd6 8. Qa4+ Bd7 9. Qxa5 a6 10. Na4 b6 11. Nxb6 cxb6 12. Bxb6 Qe7 13. a3 Nxe4 14. Bxc4 0-0 15. 0-0 Bg4 16. Nd2 Ng5 17. f3 Bf5 18. Rae1 Rab8 19. b4 Nh3+ 20. Kh1 Nf4 21. Ne4 Bxe4 22. fxe4 Qg5 23. g3 Nh5 24. Be2 f5 25. Bf3 Rf6 26. Bxh5 Qxh5 27. exf5 e4 28. Bc7 Rh6 29. Rf2 e3 30. Rxe3 Qd1+ 31. Kg2 Rb5 32. Qxa6 Qxd5+ 33. Kf1 Qc4+ 34. Ree2 Bxb4 35. f6 Bf8 36. f7+ Kh8 37. Qa8 Rb1+ 38. Kg2 Qc5 39. Qxf8+ 1-0

[Event "PAR-ch Mayor"]
[Site "Asuncion"]
[Date "1998.06.21"]
[Round "11"]
[White "Valiente, Cristobal"]
[Black "Gamarra Caceres, Carlos"]
[Result "1/2-1/2"]
[WhiteElo "2400"]
[BlackElo "2335"]
[PlyCount "24"]
[EventDate "1998.06.11"]
[EventType "swiss"]
[EventRounds "11"]
[EventCountry "PAR"]
[SourceTitle "EXT 2002"]
[Source "ChessBase"]
[SourceDate "2001.11.25"]
[SourceVersion "1"]
[SourceVersionDate "2001.11.25"]
[SourceQuality "1"]

1. c4 f5 2. Nc3 Nf6 3. g3 g6 4. Bg2 Bg7 5. d4 0-0 6. Nh3 Nc6 7. 0-0 e5 8. dxe5 Nxe5 9. b3 d6 10. Bb2 c6 11. Qd2 h6 12. Rad1 Nf7 1/2-1/2

[Event "PAR-ch Mayor"]
[Site "Asuncion"]
[Date "1998.06.20"]
[Round "9"]
[White "Figari, Esteban"]
[Black "Gamarra Caceres, Carlos"]
[Result "1-0"]
[WhiteElo "2065"]
[BlackElo "2335"]
[PlyCount "73"]
[EventDate "1998.06.11"]
[EventType "swiss"]
[EventRounds "11"]
[EventCountry "PAR"]
[SourceTitle "EXT 2002"]
[Source "ChessBase"]
[SourceDate "2001.11.25"]
[SourceVersion "1"]
[SourceVersionDate "2001.11.25"]
[SourceQuality "1"]

1. e4 d5 2. exd5 Nf6 3. d4 Bg4 4. f3 Bf5 5. Bb5+ Nbd7 6. c4 a6 7. Bxd7+ Qxd7 8. Nc3 b5 9. b3 Rb8 10. Qe2 bxc4 11. Qxc4 e6 12. dxe6 fxe6 13. Nge2 Nd5 14. a3 Nb6 15. Qxa6 Be7 16. 0-0 0-0 17. Ra2 Ra8 18. Qb5 c6 19. Qe5 Nd5 20. Nxd5 exd5 21. Qg3 Rf6 22. Bf4 Rg6 23. Qf2 Rxa3 24. Rxa3 Bxa3 25. Ra1 Bf8 26. Be5 Re6 27. Nf4 Re8 28. g4 Be6 29. Ra6 c5 30. h3 Bf7 31. Qa2 c4 32. bxc4 dxc4 33. Ra7 Qc6 34. Kg2 Qb5 35. Qc2 g6 36. h4 Qb3 37. Qe4 1-0

[Event "PAR-ch Mayor"]
[Site "Asuncion"]
[Date "1998.06.13"]
[Round "4"]
[White "Gamarra Caceres, Carlos"]
[Black "Santacruz, Cesar S"]
[Result "1/2-1/2"]
[WhiteElo "2335"]
[BlackElo "2320"]
[PlyCount "63"]
[EventDate "1998.06.11"]
[EventType "swiss"]
[EventRounds "11"]
[EventCountry "PAR"]
[SourceTitle "EXT 2002"]
[Source "ChessBase"]
[SourceDate "2001.11.25"]
[SourceVersion "1"]
[SourceVersionDate "2001.11.25"]
[SourceQuality "1"]

1. d4 Nf6 2. Bg5 Ne4 3. h4 c5 4. dxc5 Qa5+ 5. Nd2 Nxd2 6. Qxd2 Qxd2+ 7. Bxd2 e6 8. Bc3 f6 9. h5 h6 10. Rh4 Bxc5 11. e4 Nc6 12. Nh3 0-0 13. 0-0-0 a6 14. f4 b5 15. Kb1 Ra7 16. g4 Be7 17. f5 e5 18. Ng1 Rc7 19. Nf3 Bb7 20. Rh2 Bb4 21. Rd3 Bxc3 22. Rxc3 Rfc8 23. Bg2 Nb4 24. Rxc7 Rxc7 25. Ne1 Kf8 26. Rh3 Ke7 27. a3 Nc6 28. Rc3 Kd8 29. Kc1 Nd4 30. Rxc7 Kxc7 31. Nd3 d6 32. Kd2 1/2-1/2

[Event "PAR-ch Mayor"]
[Site "Asuncion"]
[Date "1998.06.12"]
[Round "2"]
[White "Gamarra Caceres, Carlos"]
[Black "Lipiniks, Leonardo"]
[Result "1-0"]
[WhiteElo "2335"]
[BlackElo "2155"]
[PlyCount "103"]
[EventDate "1998.06.11"]
[EventType "swiss"]
[EventRounds "11"]
[EventCountry "PAR"]
[SourceTitle "EXT 2002"]
[Source "ChessBase"]
[SourceDate "2001.11.25"]
[SourceVersion "1"]
[SourceVersionDate "2001.11.25"]
[SourceQuality "1"]

1. d4 d5 2. c4 c6 3. Nc3 Nf6 4. Nf3 e6 5. cxd5 cxd5 6. Bf4 Nc6 7. e3 Be7 8. h3 0-0 9. Bd3 a6 10. 0-0 b5 11. Rc1 Bb7 12. Qe2 Rc8 13. Rfd1 Na5 14. Nb1 Ne4 15. Rxc8 Qxc8 16. Qe1 Nc4 17. Rc1 Qd8 18. b3 Ncd6 19. Ne5 Bh4 20. Bxe4 Nxe4 21. Nd3 Qa8 22. g3 Bd8 23. f3 Ng5 24. Kg2 f6 25. Qb4 Nf7 26. Bc7 e5 27. Bxd8 Rxd8 28. Rc7 Rc8 29. Qe7 Rxc7 30. Qxc7 Qc8 31. Qxc8+ Bxc8 32. Nc3 e4 33. fxe4 dxe4 34. Nxe4 Bb7 35. Ndc5 Bc6 36. Kf2 a5 37. Nd2 Ng5 38. h4 Nh3+ 39. Ke2 g5 40. e4 gxh4 41. gxh4 Kf7 42. d5 Nf4+ 43. Ke3 Nxd5+ 44. exd5 Bxd5 45. Kd4 Bc6 46. Nf1 Kg6 47. Ng3 h6 48. Nd3 Be8 49. Nf4+ Kg7 50. Nf5+ Kh7 51. Nd6 Bd7 52. a3 1-0

[Event "Cipolletti"]
[Site "Cipolletti"]
[Date "1993.??.??"]
[Round "11"]
[White "Escofet Fernandez, Jaime"]
[Black "Gamarra Caceres, Carlos"]
[Result "0-1"]
[WhiteElo "2235"]
[BlackElo "2310"]
[PlyCount "52"]
[EventDate "1993.??.??"]
[EventType "tourn"]
[EventRounds "11"]
[EventCountry "ARG"]
[SourceTitle "EXT 1998"]
[Source "ChessBase"]
[SourceDate "1997.11.17"]
[SourceVersion "1"]
[SourceVersionDate "1997.11.17"]
[SourceQuality "1"]

1. b3 e5 2. Bb2 Nc6 3. e3 d5 4. Bb5 Bd6 5. f4 f6 6. Nf3 exf4 7. 0-0 Nge7 8. Nc3 0-0 9. exf4 Bxf4 10. d4 Bd6 11. a3 Qe8 12. Qe1 Qh5 13. Qh4 Qxh4 14. Nxh4 Nxd4 15. Bd3 Be5 16. Rae1 Bd7 17. Nf3 Nxf3+ 18. Rxf3 Rae8 19. Nd1 Bxb2 20. Nxb2 Ng6 21. Rxe8 Rxe8 22. Bxg6 hxg6 23. Kf2 Bf5 24. Nd3 c6 25. Ne1 Kf7 26. Re3 Rxe3 0-1

[Event "Cipolletti"]
[Site "Cipolletti"]
[Date "1993.??.??"]
[Round "8"]
[White "Gamarra Caceres, Carlos"]
[Black "Rossetto, Hector"]
[Result "1/2-1/2"]
[WhiteElo "2310"]
[BlackElo "2295"]
[PlyCount "71"]
[EventDate "1993.??.??"]
[EventType "tourn"]
[EventRounds "11"]
[EventCountry "ARG"]
[SourceTitle "EXT 1998"]
[Source "ChessBase"]
[SourceDate "1997.11.17"]
[SourceVersion "1"]
[SourceVersionDate "1997.11.17"]
[SourceQuality "1"]

1. d4 d5 2. c4 c6 3. Nc3 e6 4. Nf3 Nf6 5. cxd5 exd5 6. Bg5 Be7 7. e3 Bf5 8. Ne5 0-0 9. g4 Bc8 10. Bd3 Ne4 11. Bxe7 Qxe7 12. Nxe4 dxe4 13. Be2 Nd7 14. Nxd7 Bxd7 15. Qc2 Rfe8 16. h4 a5 17. Rc1 Be6 18. a3 Qd7 19. Rg1 Bd5 20. Rg3 a4 21. g5 Qd8 22. Qc3 Qb6 23. h5 Qd8 24. Qb4 Qe7 25. Qxe7 Rxe7 26. Kd2 Kf8 27. Rg4 Ke8 28. h6 g6 29. Rf4 Rd7 30. Kc3 Rd6 31. Bd1 Ra5 32. Bc2 Be6 33. Bxe4 Rxg5 34. Rh1 Bd5 35. Kb4 Bb3 36. Bd3 1/2-1/2

[Event "Cipolletti"]
[Site "Cipolletti"]
[Date "1993.??.??"]
[Round "4"]
[White "Leskovar, Mario Leopoldo"]
[Black "Gamarra Caceres, Carlos"]
[Result "1-0"]
[WhiteElo "2365"]
[BlackElo "2310"]
[PlyCount "117"]
[EventDate "1993.??.??"]
[EventType "tourn"]
[EventRounds "11"]
[EventCountry "ARG"]
[SourceTitle "EXT 1998"]
[Source "ChessBase"]
[SourceDate "1997.11.17"]
[SourceVersion "1"]
[SourceVersionDate "1997.11.17"]
[SourceQuality "1"]

1. e4 c5 2. Nf3 Nc6 3. Bb5 g6 4. Bxc6 dxc6 5. h3 e5 6. 0-0 Bg7 7. b4 cxb4 8. a3 c5 9. Bb2 bxa3 10. Nxa3 Nf6 11. Bxe5 0-0 12. d3 Nh5 13. Bxg7 Kxg7 14. Qd2 Qf6 15. e5 Qf4 16. Rfb1 b6 17. Nb5 Bb7 18. Qxf4 Nxf4 19. Ne1 Nd5 20. c4 Nb4 21. Rxa7 Rxa7 22. Nxa7 Rd8 23. Nb5 Ra8 24. Nd6 Bc6 25. f3 Ra4 26. Kh2 h5 27. h4 Bd7 28. Kg3 Kf8 29. Kf4 Ke7 30. Ne4 Be6 31. g4 Ra2 32. gxh5 gxh5 33. Nf6 Re2 34. Kg3 Rxe5 35. Ne4 f5 36. f4 fxe4 37. fxe5 exd3 38. Nf3 Bxc4 39. Kf4 Nd5+ 40. Kg5 b5 41. Kxh5 Nc3 42. Ra1 b4 43. Ra7+ Ke6 44. Kg6 b3 45. Nd2 Bd5 46. h5 Ne4 47. Ra6+ Kxe5 48. Nf3+ Kf4 49. h6 d2 50. Ra1 Be6 51. Nh4 Nd6 52. h7 Nf7 53. Kf6 Bc4 54. Ng6+ Ke3 55. Ne5 Ke2 56. Nxc4 Nh8 57. Nb2 c4 58. Nxc4 Kd3 59. Nxd2 1-0

[Event "Buenos Aires TB VI"]
[Site "Buenos Aires"]
[Date "1991.??.??"]
[Round "8"]
[White "Fiorito, Fabian"]
[Black "Gamarra Caceres, Carlos"]
[Result "1-0"]
[WhiteElo "2435"]
[BlackElo "2215"]
[PlyCount "53"]
[EventDate "1991.??.??"]
[EventType "tourn"]
[EventRounds "11"]
[EventCountry "ARG"]
[EventCategory "3"]
[SourceTitle "EXT 2002"]
[Source "ChessBase"]
[SourceDate "2001.11.25"]
[SourceVersion "1"]
[SourceVersionDate "2001.11.25"]
[SourceQuality "1"]

1. e4 c5 2. Nf3 Nc6 3. d4 cxd4 4. c3 dxc3 5. Nxc3 d6 6. Bc4 e6 7. 0-0 a6 8. Qe2 Be7 9. Rd1 Bd7 10. h3 Nf6 11. Bf4 b5 12. Bb3 e5 13. Bg5 0-0 14. Bxf6 gxf6 15. Nd5 Be6 16. Rd2 Ra7 17. Rad1 Rd7 18. a4 Qb8 19. axb5 axb5 20. Qe3 Kh8 21. Rc1 Na5 22. Ba2 b4 23. Nxe7 Rxe7 24. Qh6 Ree8 25. Qxf6+ Kg8 26. Ng5 Qd8 27. Qh6 1-0

[Event "Asuncion"]
[Site "Asuncion"]
[Date "1991.??.??"]
[Round "1"]
[White "Gamarra Caceres, Carlos"]
[Black "Riline Orso, Alejandro"]
[Result "0-1"]
[WhiteElo "2215"]
[BlackElo "2200"]
[PlyCount "96"]
[EventDate "1991.??.??"]
[EventType "tourn"]
[EventRounds "9"]
[EventCountry "PAR"]
[EventCategory "4"]
[SourceTitle "EXT 1998"]
[Source "ChessBase"]
[SourceDate "1997.11.17"]
[SourceVersion "1"]
[SourceVersionDate "1997.11.17"]
[SourceQuality "1"]

1. d4 Nf6 2. c4 e6 3. Nc3 d5 4. cxd5 exd5 5. Bg5 c6 6. e3 Nbd7 7. Bd3 Be7 8. Qc2 Nh5 9. Bxe7 Qxe7 10. Nge2 g6 11. 0-0 0-0 12. Rfe1 Re8 13. Rab1 a5 14. a3 Ndf6 15. b4 axb4 16. axb4 Ng4 17. Nd1 Qh4 18. h3 Ngf6 19. Nec3 Nf4 20. Bf1 Bf5 21. Qb2 Bxb1 22. Nxb1 Qh6 23. Nd2 Ne6 24. Nf3 Ne4 25. Nc3 Nxc3 26. Qxc3 Ng5 27. Ne5 Ne4 28. Qb2 Qh4 29. b5 cxb5 30. Bxb5 Rec8 31. Bd3 Rc7 32. Rf1 Rac8 33. Kh2 Qe7 34. Bxe4 dxe4 35. d5 Qd6 36. Kg1 h5 37. Qd4 Re8 38. Nc4 Qc5 39. Qxc5 Rxc5 40. Nd6 Re7 41. Rd1 f5 42. g4 hxg4 43. hxg4 Rd7 44. Nxe4 fxe4 45. Rd4 Rcxd5 46. Rxe4 b5 47. Kg2 Rb7 48. Rb4 Rc5 0-1

[Event "Asuncion"]
[Site "Asuncion"]
[Date "1991.??.??"]
[Round "5"]
[White "Montero Martinez, Cristian"]
[Black "Gamarra Caceres, Carlos"]
[Result "0-1"]
[WhiteElo "2295"]
[BlackElo "2215"]
[PlyCount "72"]
[EventDate "1991.??.??"]
[EventType "tourn"]
[EventRounds "9"]
[EventCountry "PAR"]
[EventCategory "4"]
[SourceTitle "EXT 1998"]
[Source "ChessBase"]
[SourceDate "1997.11.17"]
[SourceVersion "1"]
[SourceVersionDate "1997.11.17"]
[SourceQuality "1"]

1. c4 f5 2. g3 Nf6 3. Bg2 g6 4. Nc3 Bg7 5. d4 d6 6. Nf3 0-0 7. 0-0 Qe8 8. d5 a5 9. Be3 Na6 10. Bd4 c5 11. Be3 h6 12. Qd3 Ng4 13. Bd2 Nb4 14. Qb1 e5 15. dxe6 Bxe6 16. Nb5 Qe7 17. Qc1 g5 18. Bc3 Ne5 19. Nxe5 dxe5 20. a3 Nc6 21. Bd5 Nd4 22. Bxd4 Bxd5 23. cxd5 cxd4 24. d6 Qf7 25. Qc7 Qd5 26. a4 Rfc8 27. Qd7 Qf7 28. Qxf7+ Kxf7 29. Rac1 Rc6 30. f4 gxf4 31. gxf4 e4 32. Rfe1 Rd8 33. b3 Ke6 34. Kf1 Kd5 35. Kf2 Bf6 36. Rc4 Bh4+ 0-1